Totes les cançons de ZOO - Estadísticas

Estadísticas generales
  • Esta prueba ha sido intentada 35 veces
  • La puntuación promedio es 20 de 43
Estadísticas de respuestas
Respuesta % Correcto
Estiu
96%
Tobogan
88%
Llepolies
80%
Ventiladors
76%
Corbelles
72%
El cap per avall
64%
La mestra
64%
2022 Panya
64%
2015 Esbarzers (remix La Gossa Sorda)
60%
La del futbol
60%
2017 Raval
60%
Sereno
60%
Tir al ninot
60%
Correfoc
56%
Avant
52%
Carrer de l'amargura
52%
La dels Beatles
52%
2018 (amb Road Ramos) Robot
52%
Vull
52%
2015 (amb Oques Grasses) Camins (versió eròtica Obrint Pas)
48%
2024 Epíleg
48%
Hivern
48%
Rituales de santería
48%
2014 Intro
44%
Xafant fang
40%
Deixa'm que caiga
36%
Diània
36%
2021 Ei
36%
Faena
36%
Dilo en castellano
32%
2022 Grauera
32%
Imperfeccions
32%
Impresentables
32%
Interludi
32%
La nostra bota
32%
Ara estem sols
28%
2018 Omertà
28%
Presoners
28%
Cançó pòstuma
24%
2018 (amb Fermín Muguruza i Xabi Arakama) Karrer de l'amargura
20%
Aquesta vora
12%
2018 (amb JazzWoman) Cançons d'ofrena
12%
Xuplasangs
12%
No se encontraron pruebas coincidentes
Distribución de puntuación
Porcentaje de gente con cada puntuación
Porcentaje por número respondido
Historial de tus puntuaciones
No has intentado esta prueba.